000 00832nmm a2200265 a 4500
001 ocm000955314
003 TR-IsHL
005 20201028150359.0
008 150110s2014 tu tur
007 cr cn
020 _a9781312725966
035 _a955314
_b(N$T)
050 0 4 _aPL248.T871
_bA75 2014
090 0 4 _aPL248.T871
_bA75 2014
100 1 _aTurfan, İsmail Cem
245 1 0 _aAşk aşk içinde
_h[electronic resource] /
_cİsmail Cem Turfan
260 _aİstanbul :
_bE-Kitap Projesi,
_c2014
300 _a159 p.
650 4 _aDil ve Edebiyat
650 4 _aLanguage and Literature
650 0 _aTürk romanı
650 0 _aTurkish fiction
650 7 _aLITERARY COLLECTIONS / Middle Eastern
_2bisacsh
856 4 0 _uhttp://search.ebscohost.com/login.aspx?direct=true&scope=site&db=e011xww&AN=955314
999 _c10442
_d10442